00485nam a2200169Ia 4500008004100000040001900041041001200060082002500072100001800097245003700115260004500152300002300197504004100220650001200261651002400273850001800297131103s9999 xx 000 0 und d aLoreto College aEnglish a994/PALbLCLIB/14673 aPalmer, Vance aNational portraitscVance Palmer aSydneybMelbourne University Pressc1948 avii,226p. c 21cm. aIncludes bibliographical references  aHistory aAustralia - History aLCLIB/994/PAL